[Event "Sitges Sunway op-A 11th"]
[Site "Sitges"]
[Date "2024.12.13"]
[Round "2"]
[White "Ivanchuk, Vassily"]
[Black "Sikkam, Sai Vishnu"]
[Result "1-0"]
[WhiteElo "2630"]
[BlackElo "1653"]
[PlyCount "56"]
[EventDate "2024.12.12"]
[EventType "swiss"]
[EventRounds "10"]
[EventCountry "ESP"]
[SourceTitle "CB52_2024"]
[SourceDate "2024.12.25"]
[SourceVersion "1"]
[SourceVersionDate "2024.12.25"]
[SourceQuality "1"]

1. Nf3 Nf6 2. c4 c5 3. Nc3 Nc6 4. d4 cxd4 5. Nxd4 g6 6. e4 d6 7. f3 a6 8. Be3 h5 9. Be2 Bg7 10. Qd2 Bd7 11. 0-0 0-0 12. Rfd1 Nxd4 13. Bxd4 Bc6 14. b4 b6 15. Rac1 e6 16. Be3 Ne8 17. c5 bxc5 18. bxc5 d5 19. exd5 exd5 20. Nxd5 Nc7 21. Bc4 Nxd5 22. Bxd5 Bxd5 23. Qxd5 Qc7 24. Qc4 Be5 25. f4 Bf6 26. Rd6 Qe7 27. Bf2 Kg7 28. Rxf6 Rh8 1-0